Verifikácia tepelných bilancií pecí a parného hospodárstva na výrobni Reforming 5

Guardado en:
Detalles Bibliográficos
Autor principal: Hrstka, Juraj (Autor)
Otros Autores: Variny, Miroslav (Orientador)
Formato: Manuscrito Libro
Lenguaje:eslovaco
Publicado: 2015
Materias:
Acceso en línea:http://is.stuba.sk/zp/portal_zp.pl?podrobnosti=101602
Etiquetas: Agregar Etiqueta
Sin Etiquetas, Sea el primero en etiquetar este registro!

MARC

LEADER 00000ntm a22000003a 4500
001 stuzp52889
003 SK-STU
005 20160719154318.6
007 ta
008 150427s2015----xo-----f-mn---000-0-slo-d
040 |a STU  |b slo 
041 0 |a slo 
100 1 |a Hrstka, Juraj  |u 046230  |4 aut  |U FCHPT Ústav chemického a environmentálneho inžinierstva  |T FCHPT Oddelenie chemického a biochemického inžinierstva  |X 61032  |U C6230  |Y 119  |7 61032 
242 0 1 |a Verification of Energy Balances of Furnaces and Steam Management in the Reforming 5 Unit  |y eng 
245 1 0 |a Verifikácia tepelných bilancií pecí a parného hospodárstva na výrobni Reforming 5 
260 |c 2015 
650 4 |a Reforming  |2 slo 
650 4 |a bilancie  |2 slo 
650 4 |a palivo  |2 slo 
650 4 |a parné hospodárstvo  |2 slo 
650 4 |a Reforming  |2 eng 
650 4 |a balances  |2 eng 
650 4 |a fuel  |2 eng 
650 4 |a steam management  |2 eng 
700 1 |a Variny, Miroslav  |4 ths  |X 25916  |7 A000025916 
856 4 |u http://is.stuba.sk/zp/portal_zp.pl?podrobnosti=101602 
SQL |a stuzp52889  |b DBP  |c SLO  |d Verifikácia tepelných bilancií pecí a parného hospodárstva na výrobni Reforming 5  |e 61032  |f Hrstka, Juraj  |g 046230  |h 25916  |i Variny, Miroslav  |j 20150714  |k 106  |l 04  |m http://is.stuba.sk/zp/portal_zp.pl?podrobnosti=101602  |n B-CHI  |o 5.2.17. chemické inžinierstvo